LEADER 00949nam a2200241 i 4500 001 000000187677 003 CaOOAMICUS 005 20141211000000.0 008 141211s1966 it u000 u ita u 013 $a165769 040 $aSeMil$bita 100 1 $aDeretz, Jacques.$0(OLS)http://semarc/name/22548 245 10$aDizionario dei testi conciliari /$cJacques Deretz, Adrien Nocent. Sinopse des textes conciliaires. 260 $aBrescia :$bQueriniana,$c1966. 300 $aXV, 1501 p. ;$c19 cm. 500 $aFondo card. Giovanni Colombo. 700 1 $aNocent, Adrien,$c.$0(OLS)http://semarc/name/5048 850 $aSeMil 852 $aSeMil$W1$xVenegono$y1$m3GC VI 174$j138364$B138364$CSeMilBibl$Z2$F149801 $8B 941 1 $a3 961 $aLascito: Colombo Card. Giovanni 996 $6245$aDizionario dei testi conciliari$9(OLS)http://semarc/title/270017 996 $6260$aBrescia :$bQueriniana$9(OLS)http://semarc/publisher/29615 LEADER 00459nab a2200145 i 4500 001 000000281363 003 CaOOAMICUS 005 20180831165200.0 008 180831n xx uu u0 0und r 013 $a33918 040 $aSeMil$bita 245 10$a[vedi periodico]. 500 $aFebbraio 2004, inserto redazionale. 773 0 $aGaribaldi, Vittoria$tPerugino.$dFirenze : Giunti, 2004.$z88-09-03544-5$w()231238 996 $6245$a[vedi periodico]$9(OLS)http://semarc/title/309439